000 00849cam a2200241 a 4500
999 _c50536
_d50536
001 15438067
005 20221114165912.0
008 080903s2010 caua 001 0 eng
020 _a9780805395693x
041 _aeng
080 _a611+612 M-30
100 1 _aMarieb, Elaine Nicpon
_d
_97403
245 1 0 _aHuman anatomy & physiology /
_cElaine N. Marieb, Katja Hoehn.
246 3 _aHuman anatomy and physiology
250 _a8th ed.
264 _aSan Francisco :
_bBenjamin Cummings,
_c2010.
300 _axxxii, 1114, 28, 23, 3, 61 p. :
_bcol. ill. ;
_c28 cm.
653 _aადამიანის ანატომია
653 _aლაბორატორიული სახელმძღვანელო
653 _aმედიცინა
700 1 _aHoehn, Katja.
_97566
_eავტორი
942 _2udc
_cBK